Practice Made Perfect (notice n° 1554384)

détails MARC
000 -LEADER
fixed length control field 01842cam a2200289zu 4500
003 - CONTROL NUMBER IDENTIFIER
control field FRCYB10074540
005 - DATE AND TIME OF LATEST TRANSACTION
control field 20251020123459.0
008 - FIXED-LENGTH DATA ELEMENTS--GENERAL INFORMATION
fixed length control field 251020s2005 fr | o|||||0|0|||eng d
020 ## - INTERNATIONAL STANDARD BOOK NUMBER
International Standard Book Number 9781576601723
035 ## - SYSTEM CONTROL NUMBER
System control number FRCYB10074540
040 ## - CATALOGING SOURCE
Original cataloging agency FR-PaCSA
Language of cataloging en
Transcribing agency
Description conventions rda
100 1# - MAIN ENTRY--PERSONAL NAME
Personal name Tibergien, Mark C.
245 01 - TITLE STATEMENT
Title Practice Made Perfect
Remainder of title The Discipline of Business Management for Financial Advisors
Statement of responsibility, etc. ['Tibergien, Mark C.', 'Pomering, Rebecca']
264 #1 - PRODUCTION, PUBLICATION, DISTRIBUTION, MANUFACTURE, AND COPYRIGHT NOTICE
Name of producer, publisher, distributor, manufacturer Bloomberg Press
Date of production, publication, distribution, manufacture, or copyright notice 2005
300 ## - PHYSICAL DESCRIPTION
Extent p.
336 ## - CONTENT TYPE
Content type code txt
Source rdacontent
337 ## - MEDIA TYPE
Media type code c
Source rdamdedia
338 ## - CARRIER TYPE
Carrier type code c
Source rdacarrier
520 ## - SUMMARY, ETC.
Summary, etc. When financial advisers need guidance on running their business, they turn to Mark Tibergien, the most prominent, most respected authority and hands-on consultant on the science and practice of managing financial advisory firms. Together with Moss Adams colleague and principal Rebecca Pomering, they have combined their years of research and analysis to write the definitive book on the subject. The authors first identify how to assess the business and evaluate oneself as a manager. They then present strategic-thinking issues--such as practice models, business plans, and differentiators--in a Socratic style. This is followed by a detailed overview of critical topics, from financial management and human capital to IT and marketing--encompassing the management skills, approaches, and mindsets needed for success. With management tools, worksheets, and industry statistics, Practice Made Perfect is the authoritative book from the industry's expert.
650 #0 - SUBJECT ADDED ENTRY--TOPICAL TERM
Topical term or geographic name entry element
700 0# - ADDED ENTRY--PERSONAL NAME
Personal name Tibergien, Mark C.
700 0# - ADDED ENTRY--PERSONAL NAME
Personal name Pomering, Rebecca
856 40 - ELECTRONIC LOCATION AND ACCESS
Access method Cyberlibris
Uniform Resource Identifier <a href="https://international.scholarvox.com/netsen/book/10074540">https://international.scholarvox.com/netsen/book/10074540</a>
Electronic format type text/html
Host name

Pas d'exemplaire disponible.

PLUDOC

PLUDOC est la plateforme unique et centralisée de gestion des bibliothèques physiques et numériques de Guinée administré par le CEDUST. Elle est la plus grande base de données de ressources documentaires pour les Étudiants, Enseignants chercheurs et Chercheurs de Guinée.

Adresse

627 919 101/664 919 101

25 boulevard du commerce
Kaloum, Conakry, Guinée

Réseaux sociaux

Powered by Netsen Group @ 2025